000 00357nam a2200133Ia 4500
008 240624s9999 xx 000 0 und d
041 _aeng
082 _a658.46 BLO
100 _aBLOCK PETER
245 _aFLAWLESS CONSULTING FIELDBOOK AND COMPAN
250 _a(3rd ed.)
260 _c2001
_aSan Francisco
_bPfeiffer
300 _axxvii, : 440 : p. : cm. ; 23
999 _c17658
_d17658